| 000 | 00785nam a2200205Ia 4500 | ||
|---|---|---|---|
| 001 | 2419 | ||
| 003 | GE_BSU | ||
| 008 | 181216s||||||||xx |||||||||||||| ||und|| | ||
| 040 | _cGE_BSU | ||
| 080 | _a339.543 | ||
| 100 | _a/ურიდია, გონერ; რუხაია, ფრიდონ; ბაკურიძე, ალი | ||
| 245 | _aსაქართველოს საბაჟო კოდექის კომენტარები. | ||
| 245 | _c[რედ. დარჩიაშვილი გივი] | ||
| 260 | _aთბილისი | ||
| 260 | _c2007 | ||
| 300 | _a398 გვ. | ||
| 541 | _h15 ლ. | ||
| 653 | _aსაქართველოს საბაჟო კოდექის კომენტარები. | ||
| 942 | _cBK | ||
| 999 |
_c36501 _d36501 |
||